[Event "Aktobe Dvorkovich Cup U16"]
[Site "Aktobe"]
[Date "2019.09.24"]
[Round "9.4"]
[White "Malikov, Farid"]
[Black "Lazavik, Denis"]
[Result "0-1"]
[WhiteElo "1956"]
[BlackElo "2368"]
[PlyCount "140"]
[EventDate "2019.09.23"]
[EventType "team-tourn (rapid)"]
[EventRounds "9"]
[EventCountry "KAZ"]
[SourceTitle "EXT 2020"]
[Source "ChessBase"]
[SourceDate "2019.10.17"]
[SourceVersion "1"]
[SourceVersionDate "2019.10.17"]
[SourceQuality "1"]
[WhiteTeam "Azerbaijan U16"]
[BlackTeam "Belarus U16"]
[WhiteTeamCountry "AZE"]
[BlackTeamCountry "BLR"]

1. d4 d5 2. c4 c6 3. Nf3 Nf6 4. g3 Bf5 5. Bg2 e6 6. 0-0 Nbd7 7. Nc3 h6 8. Qb3 Qb6 9. c5 Qa6 10. Re1 b6 11. cxb6 axb6 12. Bf4 Be7 13. Rac1 0-0 14. a3 Rfc8 15. Ne5 Nxe5 16. dxe5 Nd7 17. e4 Bg6 18. exd5 Nc5 19. Qd1 cxd5 20. Bf1 Qb7 21. Nb5 Qd7 22. Nd4 Qa4 23. Bb5 Qxd1 24. Rexd1 Bh5 25. f3 g5 26. Be3 f6 27. g4 Be8 28. Bxe8 Rxe8 29. Nb5 Rec8 30. Bd4 fxe5 31. Bxe5 Nd7 32. Bg3 Kf7 33. Kg2 Rc5 34. Nd6+ Kf6 35. Nb7 Rxc1 36. Rxc1 Nc5 37. Nxc5 bxc5 38. h4 c4 39. Re1 Kf7 40. hxg5 hxg5 41. f4 Rb8 42. Re2 Rb3 43. fxg5 Bxg5 44. Be5 Ke7 45. Rf2 Bh4 46. Rf3 Rb5 47. Rh3 Bg5 48. Rh7+ Ke8 49. Rc7 Bc1 50. b4 Be3 51. Bd6 d4 52. Rxc4 d3 53. Kf3 d2 54. Ke2 Rd5 55. Kd1 Rxd6 56. a4 Kd7 57. a5 Rc6 58. Rxc6 Kxc6 59. a6 Kb6 60. b5 Kxb5 61. g5 Kxa6 62. g6 Bd4 63. Kxd2 Kb5 64. Kd3 Bg7 65. Ke4 Kc4 66. Kf4 Kd5 67. Kg5 Ke5 68. Kg4 Kf6 69. Kh5 Kf5 70. Kh4 Kxg6 0-1

[Event "EU School-ch U13"]
[Site "Budva"]
[Date "2017.06.16"]
[Round "6"]
[White "Kirillov, Dmitry1111"]
[Black "Malikov, Farid"]
[Result "1/2-1/2"]
[WhiteElo "1964"]
[BlackElo "1814"]
[PlyCount "73"]
[EventDate "2017.06.11"]
[EventType "swiss"]
[EventRounds "9"]
[EventCountry "MNE"]
[SourceTitle "EXT 2024"]
[Source "ChessBase"]
[SourceDate "2023.10.10"]
[SourceVersion "1"]
[SourceVersionDate "2023.10.10"]
[SourceQuality "1"]

1. e4 c5 2. Nf3 Nc6 3. d4 cxd4 4. Nxd4 Nf6 5. Nc3 e5 6. Ndb5 d6 7. Bg5 a6 8. Na3 b5 9. Nd5 Be7 10. Bxf6 Bxf6 11. c4 b4 12. Nc2 a5 13. b3 Bg5 14. g3 0-0 15. h4 Bh6 16. Bh3 Bxh3 17. Rxh3 g6 18. g4 a4 19. Rb1 axb3 20. axb3 Ra2 21. Kf1 Bf4 22. g5 h6 23. gxh6 Bxh6 24. h5 Qg5 25. Ndxb4 Nxb4 26. Nxb4 Rd2 27. Qf3 f5 28. Rg3 fxe4 29. Qxf8+ Kxf8 30. Rxg5 Bxg5 31. hxg6 Bh4 32. Re1 Rxf2+ 33. Kg1 Rb2 34. Rxe4 Rxb3 35. Nd5 Bd8 36. Kf2 Kg7 37. Rg4 1/2-1/2